|
|
|
|
| LEADER |
00000nam a2200000 a 4500 |
| 001 |
vtls001303724 |
| 003 |
SK-MaSNL |
| 005 |
20260301155652.0 |
| 008 |
250313s1979 au a r ger |
| 015 |
|
|
|a SNBZS1997-00468
|
| 035 |
|
|
|a SNK000255893
|
| 035 |
|
|
|a urn:nbn:sk:snk-amk622
|
| 035 |
|
|
|a urn:nbn:sk:snk-am004o22
|
| 035 |
|
|
|a BA7B978A-CFFA-48FE-9268-9F06BDB9F7E5
|
| 040 |
|
|
|a SNK
|b slo
|c SNK
|e AACR2
|
| 041 |
0 |
|
|a ger
|
| 044 |
|
|
|a AT
|
| 080 |
|
|
|a 908.437.6-25=30
|2 1981
|
| 100 |
1 |
|
|a Derx, Josef H.,
|d 1923-
|4 aut
|9 461718
|
| 245 |
1 |
0 |
|a Wiedersehen mit Pressburg
|b meine ersten Nachkriegsbesuche in der alten Heimat
|c von Josef H. Derx
|
| 260 |
|
|
|a Wien
|b Karpatendeutsche Landsmannschaft in Österreich
|c 1979
|
| 300 |
|
|
|a 53 s.
|b fotogr.
|c 24 cm
|
| 500 |
|
|
|a Fotogr. na tit. strane
|
| 650 |
0 |
7 |
|a Nemci karpatskí
|z Bratislava (Slovensko)
|y 1946
|y 1955
|x spomienky
|2 SNK
|9 520188
|
| 655 |
|
7 |
|a príručky
|2 SNK
|9 74364
|
| 852 |
|
|
|a Slovenská národná knižnica
|
| 958 |
|
|
|a ZS
|
| 958 |
|
|
|a TL
|
| 958 |
|
|
|a DE
|
| 958 |
|
|
|a OND
|
| 999 |
|
|
|c 802155
|d 804085
|
| 952 |
|
|
|t P60, <03>, [BOOK], {603}
|a SNK
|b SNK
|y PREZ
|7 0
|p 17A0092546
|o snkSC 94126
|i snkV 2384/97
|0 0
|1 0
|4 0
|d 1997-09-29
|f 1
|l 0
|r 2025-09-11 00:00:00
|w 2026-02-24
|
| 952 |
|
|
|t P60, <04>, [BOOK], {604}
|a SNK
|b SNK
|y VYP
|7 0
|p 17A0092547
|o snkSC 94126 D1
|i snkV 2385/97
|0 0
|1 0
|4 0
|d 1997-09-29
|l 0
|r 2005-01-02 00:00:00
|w 2026-02-24
|